| 000 | 00351nam a22001457a 4500 | ||
|---|---|---|---|
| 999 |
_c9173 _d9173 |
||
| 003 | OSt | ||
| 008 | 201119b ||||| |||| 00| 0 eng d | ||
| 020 | _a9788184553390 | ||
| 100 | _aPattanaik, Arun | ||
| 245 | _aKamala Markandaya | ||
| 250 | _a1st ed | ||
| 260 |
_aNew Delhi _bOmega Publications _c2011 |
||
| 650 | _aB.A Hons. English | ||
| 942 |
_2ddc _cBK |
||